Relaciones económicas América Latina-CEE 1984 - 1985: posibilidades de cambio en un contexto mundial en transformación
Guardado en:
| Autor Corporativo: | |
|---|---|
| Formato: | Texto |
| Publicado: |
Caracas:
SELA
|
| Etiquetas: |
Agregar Etiqueta
Sin Etiquetas, Sea el primero en etiquetar este registro!
|
MARC
| LEADER | 00000 a a2200000 04500 | ||
|---|---|---|---|
| 001 | 23501 | ||
| 003 | |||
| 040 | |a CRAI/IIS |c CRAI/IIS | ||
| 090 | |a 163200 | ||
| 110 | |a SELA | ||
| 245 | |a Relaciones económicas América Latina-CEE 1984 - 1985: posibilidades de cambio en un contexto mundial en transformación | ||
| 260 | |a Caracas: |b SELA | ||
| 300 | |a 153 p |b **no definido** | ||
| 999 | |c 17678 |d 17678 | ||
